000 00293nam a22001337a 4500
008 170613b xxu||||| |||| 00| 0 eng d
020 _a0939708019
041 _aeng
080 _a32
100 _a19
101 _aSHP
245 _aA TRUE & FAITHFUL RELATION
_cCASAUBON, M
942 _2udc
_cBK
999 _c17128
_d17128